The Believer-Priest and Giving / (Record no. 4338)

MARC details
000 -LEADER
fixed length control field 00527nam a22001817a 4500
003 - CONTROL NUMBER IDENTIFIER
control field GBCCL
005 - DATE AND TIME OF LATEST TRANSACTION
control field 20241126110516.0
008 - FIXED-LENGTH DATA ELEMENTS--GENERAL INFORMATION
fixed length control field 171214b xxu||||| |||| 00| 0 eng d
040 ## - CATALOGING SOURCE
Transcribing agency gbc
082 ## - DEWEY DECIMAL CLASSIFICATION NUMBER
Classification number 248.5
Item number MEI
100 ## - MAIN ENTRY--PERSONAL NAME
Personal name Meisinger, George
9 (RLIN) 7587
245 ## - TITLE STATEMENT
Title The Believer-Priest and Giving /
Statement of responsibility, etc. George Meisinger
260 ## - PUBLICATION, DISTRIBUTION, ETC.
Place of publication, distribution, etc. Minnesota:
Name of publisher, distributor, etc. Maranatha Bible Church,
Date of publication, distribution, etc. 1972
300 ## - PHYSICAL DESCRIPTION
Extent 87 p.;
Dimensions 20 cm.
650 ## - SUBJECT ADDED ENTRY--TOPICAL TERM
Topical term or geographic name entry element Christian giving.
9 (RLIN) 3458
650 ## - SUBJECT ADDED ENTRY--TOPICAL TERM
Topical term or geographic name entry element Christian stewardship
Form subdivision Biblical teaching.
9 (RLIN) 14269
942 ## - ADDED ENTRY ELEMENTS (KOHA)
Source of classification or shelving scheme Dewey Decimal Classification
Koha item type Books
Holdings
Withdrawn status Lost status Source of classification or shelving scheme Damaged status Not for loan Home library Current Library Shelving location Date acquired Total checkouts Full call number Barcode Date last seen Copy number Price effective from Koha item type
    Dewey Decimal Classification     GRACE BIBLE COLLEGE GRACE BIBLE COLLEGE Ministry & Mission 2018-01-18   248.5 MEI 003651 2025-05-01 c.1 2018-01-18 Books
© Grace Bible College Library 2025